| 000 | 00973nam a2200289 i 4500 | ||
|---|---|---|---|
| 001 | 000038799 | ||
| 003 | DO-SdBNP | ||
| 005 | 20241010113235.0 | ||
| 007 | ta | ||
| 008 | 130424s1987 dr a 000 0 spa d | ||
| 040 |
_aDO-SdBNP _bspa _cBNPHU _erda |
||
| 082 |
_a268 _bM828d,1987 _222 |
||
| 100 | 1 |
_aMorales, Alfredo A. _916851 |
|
| 245 | 1 | 3 |
_aDe la mañana a la noche... : _bespiritu y estilo de la educación lasallista / _cAlfredo A. Morales. |
| 264 |
_aSantiago de los Caballeros, República Dominicana : _bAmigo del Hogar, _c1987 |
||
| 300 |
_a165 paginas. : _bilustraciones. ; _c23 cm. |
||
| 336 |
_2rdacontent _atexto _btxt |
||
| 337 |
_2rdamedia _asin mediación _bn |
||
| 338 |
_2rdacarrier _avolumen _bnc |
||
| 504 | _aBibliografía: p.161-162. | ||
| 590 | _aInventariado, 2023/DG | ||
| 600 | 1 | 4 |
_aSALLE, JUAN BAUTISTA DE LA, _cSAN, _d1651-1719 _965102 |
| 650 | 4 |
_aEducación cristiana _911641 |
|
| 650 | 0 |
_aPedagogía _9693 |
|
| 910 | _aDG | ||
| 942 |
_2ddc _cLBS1 |
||
| 999 |
_c54877 _d54877 |
||